10 Zufällige Zahlen 1-100 - Blind Sortieren - Statistiken

Allgemein
  • Dieses Quiz wurde 213.674 mal gespielt
  • Das Durchschnittsergebnis liegt bei 5 aus 10
Antworten auf der Karte
Die Antworten werden auf der Karte rot bzw. grün angezeigt, abhängig davon wie oft sie richtig erraten wurden.
 
Antwortstatistiken
Zahl % Korrekt
10
55%
18
55%
8
55%
12
54%
14
54%
13
53%
16
53%
19
53%
2
53%
3
53%
7
53%
9
53%
15
52%
17
52%
24
52%
26
52%
38
52%
4
52%
44
52%
5
52%
20
51%
21
51%
22
51%
25
51%
27
51%
30
51%
31
51%
33
51%
35
51%
39
51%
46
51%
55
51%
58
51%
6
51%
69
51%
1
50%
11
50%
23
50%
28
50%
29
50%
34
50%
36
50%
37
50%
40
50%
42
50%
45
50%
50
50%
52
50%
53
50%
60
50%
62
50%
66
50%
71
50%
79
50%
90
50%
32
49%
41
49%
47
49%
48
49%
49
49%
54
49%
56
49%
57
49%
59
49%
61
49%
63
49%
64
49%
68
49%
70
49%
72
49%
73
49%
74
49%
76
49%
80
49%
81
49%
82
49%
87
49%
43
48%
51
48%
67
48%
77
48%
78
48%
84
48%
65
47%
75
47%
85
47%
86
47%
89
47%
92
47%
83
46%
88
46%
91
46%
94
46%
93
45%
97
45%
98
45%
100
44%
95
44%
96
44%
99
42%
Keine übereinstimmenden Quizze gefunden
Verteilung der Resultate
Anzahl Personen mit jedem Resultat
Perzentil nach korrekt beantworteten Fragen
Ihre Resultats-Entwicklung
Sie haben dieses Quiz noch nicht gespielt